Catálogo
 En Linea

Visión de Estados Unidos / (Registro nro. 23319)

Detalles MARC
000 -CABECERA
campo de control de longitud fija 00585nam a2200181 a 4500
001 - NÚMERO DE CONTROL
campo de control 000023823
005 - FECHA Y HORA DE LA ÚLTIMA TRANSACCIÓN
campo de control 20200930022507.0
008 - DATOS DE LONGITUD FIJA--INFORMACIÓN GENERAL
campo de control de longitud fija 110113s1974 mx r 001 0 spa d
040 ## - FUENTE DE LA CATALOGACIÓN
Centro catalogador/agencia de origen DO-SdBNP
Lengua de catalogación spa
Centro/agencia transcriptor BNPHU
082 ## - NÚMERO DE LA CLASIFICACIÓN DECIMAL DEWEY
Número de clasificación nnnn
Número de documento/Ítem F363v
049 ## - FONDOS LOCALES (OCLC)
Fondos de biblioteca BNGR
100 1# - ENTRADA PRINCIPAL--NOMBRE DE PERSONA
Nombre de persona Fernández del Valle, Agustín Basave,
Fechas asociadas al nombre 1923-2006
9 (RLIN) 49032
245 10 - MENCIÓN DE TÍTULO
Título Visión de Estados Unidos /
Mención de responsabilidad, etc. Agustín Basave Fernández del Valle ; prólogo de Patrick Romanell.
260 ## - PUBLICACIÓN, DISTRIBUCIÓN, ETC.
Lugar de publicación, distribución, etc. México :
Nombre del editor, distribuidor, etc. Diana,
Fecha de publicación, distribución, etc. 1974.
300 ## - DESCRIPCIÓN FÍSICA
Extensión 318 p. ;
Dimensiones 22 cm.
500 ## - NOTA GENERAL
Nota general Incluye índice
700 1# - PUNTO DE ACCESO ADICIONAL--NOMBRE DE PERSONA
Nombre de persona Romanell, Patrick,
Término indicativo de función/relación tr.
9 (RLIN) 49033
Existencias
Estado de retiro Estado de pérdida Restricciones de uso No para préstamo Código de colección Localización permanente Ubicación/localización actual Ubicación en estantería Fecha de adquisición Número de inventario Total de préstamos Signatura topográfica completa Código de barras Fecha visto por última vez Precio válido a partir de Tipo de ítem Koha
    Préstamo interno   Monografías: Libros y Folletos General General En catalogación 13.01.2011 LF1   nnnn F363v 23823-10 25.06.2020 25.06.2020 Préstamo interno

Con tecnología Koha